LEADER 01207nam0 2200313 450 001 000038222 005 20140903125617.0 010 $a0-19-282133-4 100 $a20140903d1991----km-y0itaa50------ba 101 0 $aeng 102 $aGB 200 1 $a<> wanderer; or, female difficulties$fFrances Burney$gedited by Margaret Anne Doody, Robert L. Mack, and Peter Sabor$gwith an introduction by Margaret Anne Doody 210 $aOxford ; New York$cOxford University Press$d1991 215 $aXLVI, 957 p.$d19 cm 225 2 $a<> World's classics 410 0$12001$a<> World's classics 676 $a823.6$v(22. ed.)$9Narrativa inglese. 1745-1799 700 1$aBurney,$bFanny$f<1752-1840>$0168133 702 1$aDoody,$bMargaret Anne 702 1$aMack,$bRobert L. 702 1$aSabor,$bPeter 801 0$aIT$bUniversità della Basilicata - B.I.A.$gREICAT$2unimarc 912 $a000038222 996 $aWanderer; or, female difficulties$999564 997 $aUNIBAS BAS $aLETTERE CAT $aEXT017$b01$c20140903$lBAS01$h1256 FMT Z30 -1$lBAS01$LBAS01$mBOOK$1BASA1$APolo Storico-Umanistico$2DSLF$BCollezione DiSLF$3DF/E1318$63132$5F3132$820140903$f04$FPrestabile Didattica LEADER 01151nam a2200289 i 4500 001 991002177199707536 005 20020507161009.0 008 000516s1986 it ||| | ita 035 $ab11619788-39ule_inst 035 $aLE02731809$9ExL 040 $aDip.to Studi Giuridici$bita 082 0 $a340.109 100 1 $aMarino, Giovanni$0112646 245 10$aPositivismo e giurisprudenza :$bBiagio Brugi alla congiunzione di scuola storica e filosofia positiva /$cGiovanni Marino 260 $aNapoli :$bEdizioni scientifiche italiane,$c1986 300 $a263 p. ;$c24 cm. 490 0 $aPubblicazioni dell'Università degli studi di Salerno. Sezione studi giuridici ;$v8 650 4$aBrugi, Biagio 650 4$aDiritto$xFilosofia 650 4$aFilosofia del diritto$xStudi italiani$y1880-1930 650 4$aPositivismo 907 $a.b11619788$b01-03-17$c02-07-02 912 $a991002177199707536 945 $aLE027 340.10 MAR05.02$g1$i2027000174676$lle027$o-$pE0.00$q-$rl$s- $t0$u0$v0$w0$x0$y.i11836635$z02-07-02 996 $aPositivismo e giurisprudenza$9575668 997 $aUNISALENTO 998 $ale027$b01-01-00$cm$da $e-$fita$git $h0$i1